[Event "DEN-ch U16 rapid"]
[Site "Odense"]
[Date "2021.10.01"]
[Round "3"]
[White "Aggerbeck Lauritzen, Nikolaj"]
[Black "Iskos, Lukas"]
[Result "0-1"]
[WhiteElo "1566"]
[BlackElo "1900"]
[PlyCount "56"]
[EventDate "2021.10.01"]
[EventType "swiss"]
[EventRounds "5"]
[EventCountry "DEN"]
[SourceTitle "EXT 2024"]
[Source "ChessBase"]
[SourceDate "2023.10.10"]
[SourceVersion "1"]
[SourceVersionDate "2023.10.10"]
[SourceQuality "1"]

1. d4 d5 2. Bf4 e6 3. e3 Nf6 4. Nd2 Bd6 5. Bxd6 Qxd6 6. Ngf3 0-0 7. Ne5 Nbd7 8. f4 Qb4 9. Rb1 Nxe5 10. fxe5 Nd7 11. c3 Qe7 12. Qh5 f6 13. Nf3 fxe5 14. dxe5 Rf5 15. Qh3 Nxe5 16. Nxe5 Rxe5 17. Bd3 h6 18. 0-0 Bd7 19. Rf4 Rg5 20. Qf3 e5 21. Qxd5+ Be6 22. Qxb7 Rd8 23. Qe4 exf4 24. exf4 Qc5+ 25. Kh1 Bf5 26. Qc4+ Qxc4 27. Bxc4+ Kh8 28. fxg5 Bxb1 0-1